| 000 | 02572 a2200349 4500 | ||
|---|---|---|---|
| 005 | 20081103103532.0 | ||
| 008 | 081103t xxu||||| |||| 00| p hin d | ||
| 010 | _aHIN-84604 B-307134-139 | ||
| 020 |
_a8185244138 _c280.00 |
||
| 035 | _aHN-56950 B-307134-139 | ||
| 037 | _bDBAD / PUB | ||
| 040 |
_aDPL _bHN |
||
| 082 | _a821 | ||
| 100 | _aसाहिर लुध्यानवी | ||
| 245 | _aसाहिर रचनावलीः (तलख़िया, गाता जाए बंजारा, आओ कि कोई ख़्वाब बुने) / | ||
| 246 |
_aSahir Rachnaavali _bby Shahir Ludyanvee |
||
| 260 |
_aनई दिल्ली _bहिन्दी बुक सेंटर _c2007 |
||
| 270 |
_a4/5-बी, आसफ अली रोड _bनई दिल्ली _e110002 |
||
| 300 |
_a51पृ _c22 सेमी (सजिल्द) |
||
| 500 | _aसाहिर लुध्यानवी की शायरी | ||
| 650 |
_aउर्दू कविता _xहिन्दी में अनुवाद |
||
| 650 |
_aUrdu poetry _xTranslations into Hindi |
||
| 942 |
_adpl _cHN _2ddc _h821 _mसाहिर |
||
| 999 |
_c12705 _d12705 |
||